000
00290nam a22001337a 4500
008
190305b xxu||||| |||| 00| 0 eng d
020
_a
01985013808
041
_a
eng
080
_a
521
100
_a
42
101
_a
AST
245
_a
Exploring the Universe
_c
Young, L.B
942
_2
udc
_c
BK
999
_c
54515
_d
54515